TENWEK HOSP HOME | SOC  | ASK A LIBRARIANSTAFF LOGIN  |  DIGITAL REPOSITORYe-BOOK PORTAL  |  OFF-CAMPUS PORTAL  |  DONATE

Understanding the nursing process / (Record no. 1990)

MARC details
000 -LEADER
fixed length control field 00903pam a2200301 i 4500
001 - CONTROL NUMBER
control field 2280983
003 - CONTROL NUMBER IDENTIFIER
control field Ke-BoTe
005 - DATE AND TIME OF LATEST TRANSACTION
control field 20220428161332.0
008 - FIXED-LENGTH DATA ELEMENTS--GENERAL INFORMATION
fixed length control field 790523s1980 nyua 001 0 eng
010 ## - LIBRARY OF CONGRESS CONTROL NUMBER
LC control number 79015681
020 ## - INTERNATIONAL STANDARD BOOK NUMBER
International Standard Book Number 0023046007
040 ## - CATALOGING SOURCE
Original cataloging agency DLC
Transcribing agency DLC
Modifying agency DLC
050 00 - LIBRARY OF CONGRESS CALL NUMBER
Classification number RT41
Item number .A82
060 ## - NATIONAL LIBRARY OF MEDICINE CALL NUMBER
Classification number WY100.3A876m
082 00 - DEWEY DECIMAL CLASSIFICATION NUMBER
Classification number 610.73
100 1# - MAIN ENTRY--PERSONAL NAME
Personal name Atkinson, Leslie D.
9 (RLIN) 3986
245 10 - TITLE STATEMENT
Title Understanding the nursing process /
Statement of responsibility, etc. Leslie D. Atkinson, Mary Ellen Murray ; illustrated by Mark Atkinson.
260 ## - PUBLICATION, DISTRIBUTION, ETC.
Place of publication, distribution, etc. New York :
Name of publisher, distributor, etc. Macmillan,
Date of publication, distribution, etc. c1980.
300 ## - PHYSICAL DESCRIPTION
Extent x, 96 p. :
Other physical details ill. ;
Dimensions 24 cm.
500 ## - GENERAL NOTE
General note Includes index.
504 ## - BIBLIOGRAPHY, ETC. NOTE
Bibliography, etc. note Bibliography: p. 61.
650 #0 - SUBJECT ADDED ENTRY--TOPICAL TERM
Topical term or geographic name entry element Nursing.
9 (RLIN) 1880
650 #2 - SUBJECT ADDED ENTRY--TOPICAL TERM
Topical term or geographic name entry element Nursing.
9 (RLIN) 1880
650 #2 - SUBJECT ADDED ENTRY--TOPICAL TERM
Topical term or geographic name entry element Nursing care.
9 (RLIN) 2680
700 1# - ADDED ENTRY--PERSONAL NAME
Personal name Murray, Mary Ellen,
Relator term joint author.
9 (RLIN) 3987
906 ## - LOCAL DATA ELEMENT F, LDF (RLIN)
a 7
b cbc
c orignew
d 1
e ocip
f 19
g y-gencatlg
942 ## - ADDED ENTRY ELEMENTS (KOHA)
Source of classification or shelving scheme Library of Congress Classification
Koha item type Books
Suppress in OPAC No
Holdings
Withdrawn status Lost status Source of classification or shelving scheme Damaged status Not for loan Collection code Home library Current library Shelving location Date acquired Total Checkouts Full call number Barcode Date last seen Price effective from Koha item type
    Library of Congress Classification     Non-fiction SCHOOL OF HEALTH SCIENCES SCHOOL OF HEALTH SCIENCES General Stacks 28.04.2022   RT41.A82 1980 00001784 28.04.2022 28.04.2022 Books